000 00209nam a2200085Ia 4500
245 0 _aFashion
100 _a MEDINA, Sarah London, 2009
_915082
942 _cBK
008 210817s9999 xx 000 0 und d
999 _c372562
_d372561